000 00389nam a2200157Ia 4500
999 _c8603
_d8603
020 _a9788131607213
082 _a304.80954 IND;
245 0 _aIndian diaspora: between modernity and tradition
260 _aJaipur
_bRawat Publications
_c2015
300 _avv, 252p
650 _aSIKH DIASPORA
650 _aMODERNISM
650 _aMIGRATION
700 _aJudge, Paramjit S.
942 _cBK